Etnoentomología cabécar

Shranjeno v:
Bibliografske podrobnosti
Glavni avtor: Edwards Mundall, Gilbert
Format: Knjiga
Jezik:Spanish
Izdano: San José, Costa Rica Escuela de Filología, Lingüística y Literatura, Universidad de Costa Rica 1986
Teme:
Oznake: Označite
Brez oznak, prvi označite!

MARC

LEADER 00000nam a2200000Ia 4500
008 170316s9999 xx 000 0 spa d
040 |a cru BVZT 
090 |a Tesis 364 
100 |a Edwards Mundall, Gilbert 
245 |a Etnoentomología cabécar 
260 |a San José, Costa Rica 
260 |b Escuela de Filología, Lingüística y Literatura, Universidad de Costa Rica 
260 |c 1986 
300 |a 92 páginas 
650 |a LICENCIATURA EN LINGÜÍSTICA 
650 |a TRABAJO FINAL DE GRADUACIÓN 
650 |a ETNOENTOMOLOGÍA EN LA CULTURA CABÉCAR 
999 |c 29359  |d 29359 
942 |c SALA  |h Tesis 364  |2 z